000
00190 a2200097 4500
020
_a
9780399247002
041
_a
eng
100
_a
Rathnann,Peggy
245
_a
good Night gorilla
942
_c
BK
999
_c
31515
_d
31513